| 000 | 00333nam a2200121Ia 4500 | ||
|---|---|---|---|
| 008 | 210430s9999 xx 000 0 und d | ||
| 082 | _a620.004 G137 P | ||
| 100 |
_aR.W.Gaikwad _953951 |
||
| 245 |
_aProcess Modeling and simulation 2nd ed _cR.W.Gaikwad |
||
| 260 |
_aNagpur _bDenett & Co _c2006 |
||
| 300 | _a411p. | ||
| 942 |
_cBK _2ddc |
||
| 999 |
_c564338 _d564338 |
||